000
00248nam a2200109Ia 4500
008
190216s9999||||xx |||||||||||||| ||und||
100
_a
Null
245
0
_a
Industrial Disputes Act
260
_b
Central Law Agenccy
_c
1986
300
_a
48p
942
_c
BK
999
_c
5220
_d
5220